[Event "Take Time to Think: This One's Leisurely"]
[Site "SchemingMind.com"]
[Date "2010.08.03"]
[Round "-"]
[White "chesspool"]
[Black "tyler_ensor"]
[Result "0-1"]
[WhiteCountry "USA"]
[BlackCountry "CAN"]
[WhiteElo "1625"]
[WhiteRD "61"]
[BlackElo "1887"]
[BlackRD "67"]
[GameID "256046"]

1. d4 Nf6 2. c4 e6 3. Nc3 d5 4. Bg5 Nbd7 5. e3 Be7 6. Bd3 dxc4 7. Bxc4 h6 8. Bxf6 Nxf6 9. Nf3 a6 10. O-O b5
11. Bd3 O-O 12. h3 c5 13. Qc2 c4 14. Be2 Bb7 15. Ne5 Nd7 16. Nxd7 Qxd7 17. f4 Rac8 18. Bg4 b4
0-1

[Event "Take Time to Think: This One's Leisurely"]
[Site "SchemingMind.com"]
[Date "2010.08.04"]
[Round "-"]
[White "tyler_ensor"]
[Black "chesspool"]
[Result "1-0"]
[WhiteCountry "CAN"]
[BlackCountry "USA"]
[WhiteElo "1887"]
[WhiteRD "67"]
[BlackElo "1625"]
[BlackRD "61"]
[GameID "256047"]

1. d4 d5 2. c4 c6 3. Nf3 Nf6 4. e3 e6 5. b3 Nbd7 6. Bb2 Bd6 7. Nbd2 O-O 8. Bd3 Re8 9. O-O e5 10. dxe5 Nxe5
11. Nxe5 Bxe5 12. Bxe5 Rxe5 13. Nf3 Re8 14. cxd5 Nxd5 15. a3 Bg4 16. Kh1 Nc3 17. Qc2 Bxf3 18. Bxh7+ Kh8 19. gxf3
1-0

[Event "Take Time to Think: This One's Leisurely"]
[Site "SchemingMind.com"]
[Date "2010.08.03"]
[Round "-"]
[White "palomo"]
[Black "tyler_ensor"]
[Result "1/2-1/2"]
[WhiteCountry "ARG"]
[BlackCountry "CAN"]
[WhiteElo "1603"]
[WhiteRD "93"]
[BlackElo "1880"]
[BlackRD "65"]
[GameID "256232"]

1. e4 c5 2. Nf3 d6 3. d4 cxd4 4. Nxd4 Nf6 5. Nc3 a6 6. Bd3 g6 7. O-O Bg7 8. Nf3 Nc6 9. Bf4 Bg4 10. Bg3 Nd7
11. Qe1 O-O 12. Qe3 Nde5 13. Nxe5 Nxe5 14. Nd5 Nxd3 15. cxd3 b5 16. Rab1 Rb8 17. b4 Be6 18. Nf4 Qd7 19. a3 Rfc8 20. Nxe6 Qxe6
21. Rbc1 Bb2 22. Rxc8+ Rxc8 23. Qb6 Bxa3 24. Qxa6 Bxb4 25. Qxb5 Bd2 26. h3 Rc3 27. e5 Rc1 28. Rxc1 Bxc1 29. Qe8+ Kg7 30. exd6 exd6=
1/2-1/2

[Event "Take Time to Think: This One's Leisurely"]
[Site "SchemingMind.com"]
[Date "2010.08.04"]
[Round "-"]
[White "palomo"]
[Black "chesspool"]
[Result "1-0"]
[WhiteCountry "ARG"]
[BlackCountry "USA"]
[WhiteElo "1717"]
[WhiteRD "93"]
[BlackElo "1625"]
[BlackRD "61"]
[GameID "256233"]

1. e4 Nf6 2. e5 Nd5 3. d4 d6 4. f4 dxe5 5. dxe5 Bf5 6. Nf3 e6 7. c4 Bb4+ 8. Nc3 Nxc3 9. Qxd8+ Kxd8 10. a3 Bc5
11. bxc3 Nd7 12. Nd4 Bg6 13. Be3 Nb6 14. Nxe6+
1-0

[Event "Take Time to Think: This One's Leisurely"]
[Site "SchemingMind.com"]
[Date "2010.08.06"]
[Round "-"]
[White "tyler_ensor"]
[Black "palomo"]
[Result "1-0"]
[WhiteCountry "CAN"]
[BlackCountry "ARG"]
[WhiteElo "1862"]
[WhiteRD "62"]
[BlackElo "1558"]
[BlackRD "106"]
[GameID "256234"]

1. d4 d5 2. c4 e6 3. Nc3 Nf6 4. Bg5 Be7 5. e3 O-O 6. Nf3 Nc6 7. Rc1 a6 8. a3 h6 9. Bh4 Nh7 10. Bxe7 Qxe7
11. b4 Re8 12. Bd3 dxc4 13. Bxc4 b5 14. Bd3 Ng5 15. O-O Bb7 16. Nd2 Qf6 17. Nce4 Nxe4 18. Nxe4 Qe7 19. Nc5 Nd8 20. Nxb7 Nxb7
21. Rc3 Nd6 22. Qc2 Kh8 23. Rxc7 Qg5 24. Qc6 Qd5 25. Qxd5 exd5 26. Rfc1 Rac8 27. Rxc8 Nxc8 28. Rc7 Nd6 29. Rc5 Nc4 30. Rxd5 Nxa3
31. Rc5 Re6 32. Rc3 Nc4 33. Bxc4 bxc4 34. Rxc4 Rb6 35. Kf1 Kh7 36. Ke2 f5 37. d5 Rb8 38. d6 Rd8 39. Rd4 g5 40. d7 Kg7
41. Kd3 Kf7 42. Kc4
1-0

[Event "Take Time to Think: This One's Leisurely"]
[Site "SchemingMind.com"]
[Date "2010.08.06"]
[Round "-"]
[White "chesspool"]
[Black "palomo"]
[Result "0-1"]
[WhiteCountry "USA"]
[BlackCountry "ARG"]
[WhiteElo "1625"]
[WhiteRD "61"]
[BlackElo "1717"]
[BlackRD "93"]
[GameID "256235"]

1. d4 d5 2. c4 e6 3. Nc3 Nf6 4. Bg5 a6 5. e3 Nbd7 6. Nf3 dxc4 7. Bxc4 Be7 8. O-O O-O 9. a3 b5 10. Bd3 Nb6
11. Bxf6 Bxf6 12. Re1 Bb7 13. e4 Nc4
0-1

[Event "Take Time to Think: This One's Leisurely"]
[Site "SchemingMind.com"]
[Date "2010.08.04"]
[Round "-"]
[White "Majoanis"]
[Black "chesspool"]
[Result "0-1"]
[WhiteCountry "CAN"]
[BlackCountry "USA"]
[WhiteElo "1410"]
[WhiteRD "81"]
[BlackElo "1749"]
[BlackRD "71"]
[GameID "256247"]

1. Nf3 Nf6 2. c4 e6 3. g3 d5 4. d4 c6 5. Bg2 Nbd7 6. Qc2 Bd6 7. O-O O-O 8. Nbd2 Re8 9. e4 Nxe4 10. Nxe4 dxe4
11. Qxe4 e5
0-1

[Event "Take Time to Think: This One's Leisurely"]
[Site "SchemingMind.com"]
[Date "2010.08.04"]
[Round "-"]
[White "chesspool"]
[Black "Majoanis"]
[Result "1-0"]
[WhiteCountry "USA"]
[BlackCountry "CAN"]
[WhiteElo "1749"]
[WhiteRD "71"]
[BlackElo "1410"]
[BlackRD "81"]
[GameID "256250"]

1. d4 f5 2. c4 e6 3. Nc3 Nf6 4. Bg5 Be7 5. Nf3 O-O 6. e3 d6 7. Bd3 Nc6 8. O-O e5 9. c5 e4 10. cxd6 Bxd6
11. Bc4+
1-0

[Event "Take Time to Think: This One's Leisurely"]
[Site "SchemingMind.com"]
[Date "2010.08.02"]
[Round "-"]
[White "Brian Acebo"]
[Black "Majoanis"]
[Result "1-0"]
[WhiteCountry "USA"]
[BlackCountry "CAN"]
[WhiteElo "1590"]
[WhiteRD "74"]
[BlackElo "1410"]
[BlackRD "81"]
[GameID "256256"]

1. e4 d6 2. d4 Nf6 3. Nc3 e5 4. dxe5 dxe5 5. Bb5+ Bd7 6. Nf3 Bxb5 7. Qxd8+ Kxd8 8. Nxb5 Nc6 9. Nc3 Bb4 10. Bd2 Bxc3
11. Bxc3
1-0

[Event "Take Time to Think: This One's Leisurely"]
[Site "SchemingMind.com"]
[Date "2010.08.03"]
[Round "-"]
[White "Brian Acebo"]
[Black "tyler_ensor"]
[Result "1/2-1/2"]
[WhiteCountry "USA"]
[BlackCountry "CAN"]
[WhiteElo "1682"]
[WhiteRD "83"]
[BlackElo "1862"]
[BlackRD "62"]
[GameID "256257"]

1. e4 c5 2. Nf3 d6 3. d4 cxd4 4. Nxd4 Nf6 5. Nc3 a6 6. Be3 e5 7. Nb3 Be7 8. Bd3 Be6 9. O-O O-O 10. h3 d5
11. exd5 Nxd5 12. Nxd5 Bxd5 13. Re1 b6 14. c4 Be6 15. Qc2 f5 16. f3 Bh4 17. Bf2 Bxf2+ 18. Kxf2 Nc6 19. Kg1 Nb4 20. Qc3 Qxd3
21. Qxb4 Qxc4 22. Qxb6 Qd5 23. Rad1 Rfb8 24. Rxd5 Rxb6 25. Rdxe5 Bxb3 26. axb3 Rxb3 27. Rxf5 Rxb2 28. Ra5 Rb5 29. Rea1 Rxa5 30. Rxa5 Kf7
31. Kf2 Ke6 32. Ke3 Kd6 33. Kd4 Kc6 34. Kc4 Kb6 35. Kb4 Rd8 36. Ra2 Rd5 37. Kc4 Rb5 38. g4 g5 39. Ra4 a5 40. Kc3 Rb1
41. f4 Kb5 42. Rd4 gxf4 43. Rxf4 Rc1+ 44. Kb3 Rb1+ 45. Ka3 Ra1+ 46. Kb2 Re1 47. h4 a4 48. g5 Re2+ 49. Ka3 Re3+=
1/2-1/2

[Event "Take Time to Think: This One's Leisurely"]
[Site "SchemingMind.com"]
[Date "2010.08.02"]
[Round "-"]
[White "Brian Acebo"]
[Black "palomo"]
[Result "1-0"]
[WhiteCountry "USA"]
[BlackCountry "ARG"]
[WhiteElo "1646"]
[WhiteRD "76"]
[BlackElo "1590"]
[BlackRD "89"]
[GameID "256258"]

1. e4 e5 2. Nf3 Nc6 3. Bb5 a6 4. Ba4 Nf6 5. d3 Be7 6. O-O O-O 7. c3 b5 8. Bb3 Bb7 9. Bg5 Re8 10. Nbd2 Bf8
11. h3 d6 12. Re1 Qd7 13. Bxf6 gxf6 14. Bc2 Ne7 15. Nh4 Ng6 16. Nf5 Nf4 17. Qg4+ Kh8 18. g3 Ng6 19. Nf3 d5 20. Rad1 dxe4
21. dxe4 Qe6 22. Bb3 Qb6 23. Bxf7 Red8 24. Bxg6 hxg6 25. Qxg6
1-0

[Event "Take Time to Think: This One's Leisurely"]
[Site "SchemingMind.com"]
[Date "2010.08.04"]
[Round "-"]
[White "Brian Acebo"]
[Black "chesspool"]
[Result "1-0"]
[WhiteCountry "USA"]
[BlackCountry "USA"]
[WhiteElo "1685"]
[WhiteRD "74"]
[BlackElo "1625"]
[BlackRD "61"]
[GameID "256259"]

1. d4 d5 2. c4 c6 3. Nf3 Nf6 4. Bg5 e6 5. h3 Nbd7 6. Nc3 Be7 7. e3 h6 8. Bh4 O-O 9. Bd3 b6 10. O-O Ba6
11. cxd5 cxd5 12. a3 Bxd3 13. Qxd3 a5 14. a4 Rc8 15. Rac1 Bb4 16. Rc2
1-0

[Event "Take Time to Think: This One's Leisurely"]
[Site "SchemingMind.com"]
[Date "2010.08.02"]
[Round "-"]
[White "Majoanis"]
[Black "Brian Acebo"]
[Result "0-1"]
[WhiteCountry "CAN"]
[BlackCountry "USA"]
[WhiteElo "1410"]
[WhiteRD "81"]
[BlackElo "1590"]
[BlackRD "74"]
[GameID "256260"]

1. Nf3 d5 2. c4 Nf6 3. cxd5 Nxd5 4. Nc3 Nc6 5. g3 g6 6. Bg2 Bg7 7. O-O O-O 8. Nxd5 Qxd5 9. d3 Bg4 10. Qa4 Qd6
0-1

[Event "Take Time to Think: This One's Leisurely"]
[Site "SchemingMind.com"]
[Date "2010.08.04"]
[Round "-"]
[White "tyler_ensor"]
[Black "Brian Acebo"]
[Result "1-0"]
[WhiteCountry "CAN"]
[BlackCountry "USA"]
[WhiteElo "1880"]
[WhiteRD "65"]
[BlackElo "1648"]
[BlackRD "80"]
[GameID "256261"]

1. d4 d5 2. c4 dxc4 3. e4 e6 4. Bxc4 Nc6 5. Nf3 Bb4+ 6. Bd2 Nge7 7. Bxb4 Nxb4 8. a3 Nbc6 9. b4 a6 10. Nc3 O-O
11. O-O b5 12. Bb3 Bb7 13. d5 exd5 14. Nxd5 Rb8 15. Nxe7+ Qxe7 16. Qe2 Ne5 17. Nxe5 Qxe5 18. f3 c5 19. bxc5 Qxc5+ 20. Qf2 Qxf2+
21. Kxf2 Rfd8 22. Rfd1 h6 23. Bd5 Bxd5 24. Rxd5 Rxd5 25. exd5 Rd8 26. Rd1 f6 27. Ke3 Kf7 28. Kd4 Rc8 29. Re1 Rc4+ 30. Kd3 g5
31. d6 Rc6 32. Re7+ Kg8 33. d7 Rd6+ 34. Ke3 Kf8 35. Re8+ Kf7 36. d8=Q
1-0

[Event "Take Time to Think: This One's Leisurely"]
[Site "SchemingMind.com"]
[Date "2010.08.03"]
[Round "-"]
[White "palomo"]
[Black "Brian Acebo"]
[Result "0-1"]
[WhiteCountry "ARG"]
[BlackCountry "USA"]
[WhiteElo "1590"]
[WhiteRD "89"]
[BlackElo "1646"]
[BlackRD "76"]
[GameID "256262"]

1. e4 c5 2. Nf3 Nc6 3. d4 cxd4 4. Nxd4 Nf6 5. Nc3 a6 6. Be2 d6 7. O-O g6 8. Nxc6 bxc6 9. Bf3 Bb7 10. Re1 Bg7
11. Bg5 O-O 12. a4 c5 13. Nd5 Bxd5 14. exd5 Rb8 15. b3 Re8 16. Rb1 Qd7 17. Be2 Ra8 18. Bd3 Nxd5 19. Bd2 e6 20. Be4 Ra7
21. Bxd5 exd5 22. Rxe8+ Qxe8 23. Qf3 Qe6
0-1

[Event "Take Time to Think: This One's Leisurely"]
[Site "SchemingMind.com"]
[Date "2010.08.05"]
[Round "-"]
[White "chesspool"]
[Black "Brian Acebo"]
[Result "0-1"]
[WhiteCountry "USA"]
[BlackCountry "USA"]
[WhiteElo "1625"]
[WhiteRD "61"]
[BlackElo "1685"]
[BlackRD "74"]
[GameID "256263"]

1. d4 Nf6 2. c4 d5 3. Nc3 e6 4. Bg5 Be7 5. e3 c6 6. Nf3 h6 7. Bh4 O-O 8. Bd3 Nbd7 9. O-O b6 10. Ne5 Bb7
11. cxd5 cxd5 12. Rc1 a6 13. Nxd7 Nxd7 14. Bxe7 Qxe7 15. Re1 b5
0-1

[Event "Take Time to Think: This One's Leisurely"]
[Site "SchemingMind.com"]
[Date "2010.08.02"]
[Round "-"]
[White "kwabena"]
[Black "Majoanis"]
[Result "1-0"]
[WhiteCountry "ENG"]
[BlackCountry "CAN"]
[WhiteElo "1525"]
[WhiteRD "74"]
[BlackElo "1395"]
[BlackRD "85"]
[GameID "256275"]

1. d4 f5 2. h3 d6 3. Bf4 Nf6 4. e3 e6 5. Nf3 Be7 6. Be2 O-O 7. O-O Qe8 8. Nc3 Nc6 9. a3 a5 10. Bd3 Bd8
11. Re1 e5 12. dxe5 dxe5 13. Bh2 e4 14. Bc4+ Be6 15. Bxe6+ Qxe6 16. Nb5 exf3 17. Qxf3 Qe4 18. Qxe4 fxe4 19. Bxc7 Rc8 20. Bxd8 Rfxd8
21. g4 g5 22. Nc3 Ne5 23. Rac1 Nf3+ 24. Kg2 Nxe1+ 25. Rxe1 Kf7 26. Rc1 Ke6 27. Ne2 Kf7 28. Nd4 Rxd4 29. exd4
1-0

[Event "Take Time to Think: This One's Leisurely"]
[Site "SchemingMind.com"]
[Date "2010.08.04"]
[Round "-"]
[White "kwabena"]
[Black "chesspool"]
[Result "0-1"]
[WhiteCountry "ENG"]
[BlackCountry "USA"]
[WhiteElo "1525"]
[WhiteRD "74"]
[BlackElo "1625"]
[BlackRD "61"]
[GameID "256279"]

1. d4 d5 2. Nc3 Nf6 3. Bf4 e6 4. e3 c5 5. h3 cxd4 6. Qxd4 Bd7 7. Nf3 Nc6 8. Qd2 Bc5 9. a3 O-O 10. Be2 Rc8
11. O-O Re8 12. b4 Nxb4 13. axb4 Bxb4 14. Be5 Ne4 15. Qd3 Nxc3 16. Nd4 f6 17. Bh2 e5 18. Bh5 exd4 19. Bxe8 Qxe8 20. exd4 Bb5
21. Qf5 Bxf1 22. Kxf1 Qe2+ 23. Kg1 Re8 24. Bg3 a5 25. Qd7 Qb5 26. Qg4 Ne2+ 27. Kh1 a4 28. Rb1 a3
0-1

[Event "Take Time to Think: This One's Leisurely"]
[Site "SchemingMind.com"]
[Date "2010.08.02"]
[Round "-"]
[White "Majoanis"]
[Black "kwabena"]
[Result "0-1"]
[WhiteCountry "CAN"]
[BlackCountry "ENG"]
[WhiteElo "1410"]
[WhiteRD "81"]
[BlackElo "1549"]
[BlackRD "77"]
[GameID "256280"]

1. Nf3 d5 2. c4 c6 3. cxd5 cxd5 4. d4 a6 5. Nc3 Bf5 6. Bf4 h6 7. e3 e6 8. Bd3 Bxd3 9. Qxd3 Nf6 10. O-O Bd6
11. Bxd6 Qxd6 12. Rfc1 O-O 13. h3 Nc6 14. a3 Rfc8 15. Rc2 Na5 16. Nd2 b5 17. Rac1 Nc4 18. Nxc4 bxc4 19. Qd2 Rcb8 20. f3 Rb7
21. e4 Qg3
0-1

[Event "Take Time to Think: This One's Leisurely"]
[Site "SchemingMind.com"]
[Date "2010.08.03"]
[Round "-"]
[White "Brian Acebo"]
[Black "kwabena"]
[Result "0-1"]
[WhiteCountry "USA"]
[BlackCountry "ENG"]
[WhiteElo "1590"]
[WhiteRD "74"]
[BlackElo "1549"]
[BlackRD "77"]
[GameID "256283"]

1. e4 d5 2. exd5 Qxd5 3. Nc3 Qa5 4. Nf3 Bf5 5. d4 h6 6. Bd3 Bxd3 7. Qxd3 a6 8. O-O e6 9. a3 c5 10. Bd2 Qb6
11. Rab1 cxd4 12. Nxd4 Nf6 13. b4 Be7 14. Nf3 O-O 15. Rfe1 Nc6 16. Ne4 Rad8 17. Nxf6+ Bxf6 18. Qe4 Qc7 19. Bf4 Qc8 20. Re2 Nd4
21. Nxd4 Rxd4 22. Qf3 Rfd8 23. Be3 Rd1+
0-1

[Event "Take Time to Think: This One's Leisurely"]
[Site "SchemingMind.com"]
[Date "2010.08.04"]
[Round "-"]
[White "chesspool"]
[Black "kwabena"]
[Result "1-0"]
[WhiteCountry "USA"]
[BlackCountry "ENG"]
[WhiteElo "1749"]
[WhiteRD "71"]
[BlackElo "1549"]
[BlackRD "77"]
[GameID "256284"]

1. d4 d5 2. c4 c6 3. Nc3 dxc4 4. Nf3 b5 5. a4 a6 6. axb5 cxb5 7. Nxb5 Bb7 8. Nc3 Qc7 9. Qa4+ Nd7 10. e4 e6
11. Bxc4 Nf6 12. e5 Ne4 13. O-O Nxc3 14. bxc3 Bxf3 15. gxf3 Be7 16. d5 exd5 17. Bxd5 Rd8 18. e6 fxe6 19. Bxe6 Kf8 20. Bf4 Bd6
21. Bxd6+ Qxd6 22. Qg4 Nf6 23. Qc4 g6 24. Rxa6 Qe5 25. Ra7 Nh5 26. Rf7+ Ke8 27. Qc6+
1-0

[Event "Take Time to Think: This One's Leisurely"]
[Site "SchemingMind.com"]
[Date "2010.08.02"]
[Round "-"]
[White "dla ani"]
[Black "kwabena"]
[Result "1-0"]
[WhiteCountry "POL"]
[BlackCountry "ENG"]
[WhiteElo "1898"]
[WhiteRD "73"]
[BlackElo "1527"]
[BlackRD "72"]
[GameID "256296"]

1. e4 d5 2. exd5 Qxd5 3. Nc3 Qa5 4. d4 a6 5. Bc4 Bf5 6. Qf3 c6 7. g4 Bg6 8. h4 e6 9. Bb3 h6 10. h5 Bh7
11. Bd2 Qc7 12. O-O-O Nf6 13. Nge2 c5 14. dxc5 Bxc5 15. g5 hxg5 16. Bxg5 Nbd7 17. h6 gxh6 18. Bxf6 Bf5 19. Bxh8 O-O-O 20. Bd4 Bd6
21. Ng3 Bxg3 22. fxg3 Rg8 23. Rxh6 Bg4 24. Qxf7 Rf8 25. Qe7 Bxd1 26. Bxe6 Rf1 27. Rh8+
1-0

[Event "Take Time to Think: This One's Leisurely"]
[Site "SchemingMind.com"]
[Date "2010.08.04"]
[Round "-"]
[White "dla ani"]
[Black "tyler_ensor"]
[Result "1-0"]
[WhiteCountry "POL"]
[BlackCountry "CAN"]
[WhiteElo "1974"]
[WhiteRD "79"]
[BlackElo "1847"]
[BlackRD "68"]
[GameID "256297"]

1. e4 c5 2. Nc3 a6 3. f4 e6 4. Nf3 d5 5. g3 Nc6 6. Bg2 d4 7. Ne2 d3 8. cxd3 Qxd3 9. Nc3 Nf6 10. Qe2 Qxe2+
11. Kxe2 Bd7 12. d3 Be7 13. Be3 O-O-O 14. Na4 Nd4+ 15. Bxd4 Bxa4 16. Rac1 b6 17. Bxf6 Bxf6 18. b4 Bb2 19. Rb1 Ba3 20. bxc5 Bxc5
21. Rhc1 Bb5 22. Rxb5 axb5 23. d4 Rd7 24. dxc5 Rc7 25. c6 Rd8 26. Ne5 f6 27. Nd3 Rd6 28. Nb4 Rd4 29. a3 Ra7 30. Rc3 e5
31. fxe5 fxe5 32. Nd5 Ra6 33. Bh3+
1-0

[Event "Take Time to Think: This One's Leisurely"]
[Site "SchemingMind.com"]
[Date "2010.08.07"]
[Round "-"]
[White "dla ani"]
[Black "palomo"]
[Result "1-0"]
[WhiteCountry "POL"]
[BlackCountry "ARG"]
[WhiteElo "1974"]
[WhiteRD "79"]
[BlackElo "1590"]
[BlackRD "89"]
[GameID "256298"]

1. d4 d5 2. Nf3 Nf6 3. c4 e6 4. Nc3 a6 5. cxd5 exd5 6. Bg5 Be7 7. Qc2 Nc6 8. a3 O-O 9. e3 h6 10. Bh4 Be6
11. Bd3 Rc8 12. O-O Kh8 13. b4 Na7 14. Na4 b5 15. Nc5 Bxc5 16. Qxc5 Ra8 17. Rfc1 c6 18. Bxf6 Qxf6 19. Ne5 Bf5 20. Bxf5 Qxf5
21. Nxc6 Nxc6 22. Qxc6 Rfc8 23. Qb6 Qd3 24. Qb7 Rxc1+ 25. Rxc1
1-0

[Event "Take Time to Think: This One's Leisurely"]
[Site "SchemingMind.com"]
[Date "2010.08.03"]
[Round "-"]
[White "dla ani"]
[Black "Brian Acebo"]
[Result "0-1"]
[WhiteCountry "POL"]
[BlackCountry "USA"]
[WhiteElo "1922"]
[WhiteRD "90"]
[BlackElo "1665"]
[BlackRD "80"]
[GameID "256299"]

1. d4 d5 2. Nf3 Nf6 3. g3 e6 4. Bg2 Be7 5. O-O O-O 6. c4 c5 7. Nc3 Nc6 8. cxd5 Nxd5 9. Nxd5 Qxd5 10. e3 Qd7
11. dxc5 Bxc5 12. Qxd7 Bxd7 13. Bd2 Rac8 14. Rfd1 Ne7 15. Rac1 Bb5 16. Bc3 Nd5 17. Bd4 Bxd4 18. Nxd4 Ba6 19. Bxd5 exd5 20. Nf5 Rxc1
21. Rxc1 g6 22. Ne7+ Kg7 23. Nxd5 Rd8 24. Nc3 Bc4 25. Rc2 Rc8 26. b3 Bd5 27. Kf1 Be4 28. Rc1 Bd3+ 29. Ke1 Rc5 30. Kd2 Bf5
31. e4 Be6 32. Ne2 Rxc1 33. Kxc1 Kf6 34. Kd2 Ke5 35. Ke3 b5 36. Nd4 a6 37. f4+ Kd6 38. Nxe6 Kxe6 39. Kd4 Kd6 40. g4 f6
41. b4 h6
0-1

[Event "Take Time to Think: This One's Leisurely"]
[Site "SchemingMind.com"]
[Date "2010.08.04"]
[Round "-"]
[White "dla ani"]
[Black "chesspool"]
[Result "1-0"]
[WhiteCountry "POL"]
[BlackCountry "USA"]
[WhiteElo "1909"]
[WhiteRD "73"]
[BlackElo "1729"]
[BlackRD "69"]
[GameID "256300"]

1. c4 Nf6 2. Nc3 e6 3. g3 d5 4. cxd5 exd5 5. d4 c6 6. Bg2 Bd6 7. Nf3 O-O 8. Bg5 h6 9. Bxf6 Qxf6 10. O-O Bf5
11. Qd2 Nd7 12. Rfe1 Bh7 13. e4 Nb6 14. e5 Qe7 15. exd6 Qxd6 16. b3
1-0

[Event "Take Time to Think: This One's Leisurely"]
[Site "SchemingMind.com"]
[Date "2010.08.02"]
[Round "-"]
[White "Majoanis"]
[Black "dla ani"]
[Result "0-1"]
[WhiteCountry "CAN"]
[BlackCountry "POL"]
[WhiteElo "1410"]
[WhiteRD "81"]
[BlackElo "1925"]
[BlackRD "78"]
[GameID "256301"]

1. Nf3 Nf6 2. c4 e6 3. g3 b6 4. Bg2 Bb7 5. O-O Be7 6. d4 O-O 7. Nc3 d6 8. Qc2 Nbd7 9. Rd1 Re8 10. b3 Nf8
11. Bb2 N6d7
0-1

[Event "Take Time to Think: This One's Leisurely"]
[Site "SchemingMind.com"]
[Date "2010.08.02"]
[Round "-"]
[White "kwabena"]
[Black "dla ani"]
[Result "0-1"]
[WhiteCountry "ENG"]
[BlackCountry "POL"]
[WhiteElo "1527"]
[WhiteRD "72"]
[BlackElo "1898"]
[BlackRD "73"]
[GameID "256302"]

1. d4 Nf6 2. Bf4 e6 3. h3 Be7 4. e3 O-O 5. Nf3 c5 6. c3 d5 7. Nbd2 Nc6 8. dxc5 Bxc5 9. Nb3 Bd6 10. Bxd6 Qxd6
11. a3 b6 12. Nbd4 Nxd4 13. cxd4 Bb7 14. Be2 Nd7 15. O-O e5 16. dxe5 Nxe5 17. Qb3 Rac8 18. Rfd1 Rfd8 19. e4 Nxf3+ 20. Bxf3 d4
21. e5 Qe7 22. Bxb7 Qxb7 23. Rd3 Qe4 24. Rad1 Qxe5 25. g3 Rc7 26. Re3 Qd6 27. Re4 d3 28. Rd2 Rc1+ 29. Kh2 g6 30. Re3 Qc6
31. f3 Rc2 32. Rxc2 dxc2 33. Rc3 Rd2+ 34. Kg1 c1=R+
0-1

[Event "Take Time to Think: This One's Leisurely"]
[Site "SchemingMind.com"]
[Date "2010.08.04"]
[Round "-"]
[White "tyler_ensor"]
[Black "dla ani"]
[Result "1-0"]
[WhiteCountry "CAN"]
[BlackCountry "POL"]
[WhiteElo "1847"]
[WhiteRD "68"]
[BlackElo "1974"]
[BlackRD "79"]
[GameID "256303"]

1. d4 Nf6 2. c4 e6 3. Nc3 Bb4 4. e3 Ne4 5. Qc2 Bxc3+ 6. bxc3 f5 7. Bd3 Nf6 8. Ba3 d6 9. Nf3 O-O 10. c5 Re8
11. cxd6 cxd6 12. c4 Qa5+ 13. Nd2 Qxa3 14. O-O Qa5 15. Nb3 Qd8 16. c5 Nc6 17. cxd6 Qxd6 18. Rfc1 Bd7 19. Nc5 b6 20. Nxd7 Nxd7
21. Qxc6 Qxc6 22. Rxc6 Rac8 23. Rac1 Rxc6= 24. Rxc6 Nf8 25. Rc7 Ng6 26. Rxa7 Re7 27. Ra8+ Kf7 28. Rb8 Rc7 29. g3 Rc3 30. Bb5 Rc2
31. a4 Ne7 32. Rxb6
1-0

[Event "Take Time to Think: This One's Leisurely"]
[Site "SchemingMind.com"]
[Date "2010.08.07"]
[Round "-"]
[White "palomo"]
[Black "dla ani"]
[Result "0-1"]
[WhiteCountry "ARG"]
[BlackCountry "POL"]
[WhiteElo "1709"]
[WhiteRD "97"]
[BlackElo "1987"]
[BlackRD "79"]
[GameID "256304"]

1. e4 Nc6 2. Nf3 d6 3. Nc3 Nf6 4. d3 g6 5. h3 Bg7 6. Be2 e5 7. O-O O-O 8. Be3 h6 9. d4 exd4 10. Nxd4 Nxd4
11. Bxd4 Be6 12. Bf3 Nd7 13. Bxg7 Kxg7 14. Qe1 Ne5 15. Bd1 Bc4 16. Be2 Bxe2 17. Qxe2 Re8 18. Nd5 c6 19. Ne3 Qf6 20. Rad1 Rad8
21. c3 Nd7 22. Ng4 Qe6 23. b3 f5
0-1

[Event "Take Time to Think: This One's Leisurely"]
[Site "SchemingMind.com"]
[Date "2010.08.03"]
[Round "-"]
[White "Brian Acebo"]
[Black "dla ani"]
[Result "1-0"]
[WhiteCountry "USA"]
[BlackCountry "POL"]
[WhiteElo "1643"]
[WhiteRD "79"]
[BlackElo "1955"]
[BlackRD "85"]
[GameID "256305"]

1. e4 c5 2. Nf3 Nf6 3. Nc3 Nc6 4. d4 d5 5. exd5 Nxd5 6. Ne4 cxd4 7. Nxd4 e5 8. Nxc6 bxc6 9. Bc4 Be6 10. Bd3 Be7
11. O-O O-O 12. b3 f5 13. Ng3 Qd7 14. c4 Nb4 15. Be2 Qc7 16. a3 Rad8 17. Bd2 Na6 18. Qc2 g6 19. Bc3 Bf6 20. Rad1 h5
21. Rfe1 h4 22. Nf1 Nc5 23. Rxd8 Rxd8 24. h3 Qb6 25. b4 Ne4 26. c5 Qc7 27. Bb2 Qf7 28. Bd3 Bb3 29. Qb1 Ba2 30. Qc2 Bb3
31. Qe2 Re8 32. Bxe4 fxe4 33. Qxe4 Bd5 34. Qe2 Bc4 35. Qe3
1-0

[Event "Take Time to Think: This One's Leisurely"]
[Site "SchemingMind.com"]
[Date "2010.08.05"]
[Round "-"]
[White "chesspool"]
[Black "dla ani"]
[Result "0-1"]
[WhiteCountry "USA"]
[BlackCountry "POL"]
[WhiteElo "1625"]
[WhiteRD "61"]
[BlackElo "1987"]
[BlackRD "75"]
[GameID "256306"]

1. d4 Nf6 2. c4 e6 3. Nc3 Bb4 4. Qc2 c5 5. e3 O-O 6. Bd3 Nc6 7. Nf3 cxd4 8. Nxd4 d5 9. O-O e5 10. Nxc6 bxc6
11. Bd2 e4 12. Be2 Bd6 13. cxd5 cxd5 14. Nb5 Be5 15. Bc3 Bxc3 16. Nxc3 Be6 17. Rad1 Qc7 18. f3 Kh8 19. fxe4 dxe4 20. a3 a5
21. Qb1 Qb6 22. Rd4 Rab8 23. b4 axb4 24. axb4 Rfd8 25. Rxd8+ Rxd8
0-1

[Event "Take Time to Think: This One's Leisurely"]
[Site "SchemingMind.com"]
[Date "2010.08.04"]
[Round "-"]
[White "David Hartley"]
[Black "tyler_ensor"]
[Result "1/2-1/2"]
[WhiteCountry "ENG"]
[BlackCountry "CAN"]
[WhiteElo "1870"]
[WhiteRD "64"]
[BlackElo "1871"]
[BlackRD "68"]
[GameID "256310"]

1. e4 c5 2. Nc3 a6 3. g3 b5 4. d3 Bb7 5. Bg2 e6 6. Nf3 d5 7. exd5 exd5 8. O-O Nf6 9. Bg5 d4 10. Re1+ Be7
11. Bxf6 gxf6 12. Ne2 Nd7 13. Nf4 Qc7 14. Qe2 Nb6 15. Nh4 Bxg2 16. Nhxg2 Ra7=
1/2-1/2

[Event "Take Time to Think: This One's Leisurely"]
[Site "SchemingMind.com"]
[Date "2010.08.02"]
[Round "-"]
[White "David Hartley"]
[Black "palomo"]
[Result "1-0"]
[WhiteCountry "ENG"]
[BlackCountry "ARG"]
[WhiteElo "1855"]
[WhiteRD "61"]
[BlackElo "1590"]
[BlackRD "89"]
[GameID "256311"]

1. e4 c5 2. Nc3 Nf6 3. Nf3 d6 4. d4 cxd4 5. Nxd4 a6 6. Bc4 e6 7. f3 Be7 8. Be3 O-O 9. O-O Nbd7 10. a3 Nc5
11. b4 Ncd7 12. Bb3 Ne5 13. Rf2 Nh5 14. f4 Ng6 15. Qd2 b5 16. Nc6 Qd7 17. Nxe7+ Qxe7 18. Raf1 Bb7 19. f5 Ne5 20. Qe2
1-0